LEADER 00839nam0-22003131i-450- 001 990001328310403321 010 $a0-582-23743-2 035 $a000132831 035 $aFED01000132831 035 $a(Aleph)000132831FED01 035 $a000132831 100 $a20000920d1993----km-y0itay50------ba 101 0 $aeng 200 1 $aIntroduction to operator theory$fT. Yoshino. 210 $aHarlow (UK)$cLongman$dc1993. 215 $a143 p.$d24 cm 225 1 $aPitman research notes in mathematics series$v300 676 $a515.7246 700 1$aYoshino,$bT.$060326 801 0$aIT$bUNINA$gRICA$2UNIMARC 901 $aBK 912 $a990001328310403321 952 $aC-2-(300$b12063$fMA1 959 $aMA1 962 $a47B15 962 $a47-02 996 $aIntroduction to operator theory$9376337 997 $aUNINA DB $aING01